00355nam a2200109Ia 450000500170000000800410001710000260005824500980008426000390018230000110022165000130023220260328104246.0260328s9999||||xx |||||||||||||| ||und|| aLeón Sierra, Diego  0aXXIII Bienal Colombiana de Arquitectura 2012 :b 50 Años de bienales /cDiego León Sierra bSociedad Colombiana de Arquitectos a383 p. aCOLOMBIA